the effects of packaging materials and transportation on tomato quality ( ឥទ្ធិពលនៃបរិក្ខាវេចខ្ចប់ និង​ ការដឹកជញ្ជូនលើគុណភាពប៉េងប៉ោះ) (Record no. 1391)

000 -LEADER
fixed length control field 00610nam a22001577a 4500
003 - CONTROL NUMBER IDENTIFIER
control field OSt
005 - DATE AND TIME OF LATEST TRANSACTION
control field 20150928105409.0
008 - FIXED-LENGTH DATA ELEMENTS--GENERAL INFORMATION
fixed length control field 150928b xxu||||| |||| 00| 0 eng d
040 ## - CATALOGING SOURCE
Transcribing agency RUA
082 ## - DEWEY DECIMAL CLASSIFICATION NUMBER
Classification number AGR HON 2012 B053 Or.1
100 ## - MAIN ENTRY--PERSONAL NAME
9 (RLIN) 1480
Personal name HONG, SOKLIDA.
245 ## - TITLE STATEMENT
Title the effects of packaging materials and transportation on tomato quality ( ឥទ្ធិពលនៃបរិក្ខាវេចខ្ចប់ និង​ ការដឹកជញ្ជូនលើគុណភាពប៉េងប៉ោះ)
260 ## - PUBLICATION, DISTRIBUTION, ETC. (IMPRINT)
Place of publication, distribution, etc. Phnom Penh
Name of publisher, distributor, etc. RUA
Date of publication, distribution, etc. 2012
300 ## - PHYSICAL DESCRIPTION
Extent ix, 36p.
Other physical details ill.
Dimensions 29cm.
942 ## - ADDED ENTRY ELEMENTS (KOHA)
Source of classification or shelving scheme
Koha item type AGR
Holdings
Price effective from Date last seen Permanent Location Not for loan Date acquired Source of classification or shelving scheme Koha item type Barcode Lost status Damaged status Shelving location Withdrawn status Current Location Full call number
2015-09-282015-09-28Library Block B 2015-09-28 AGRRUA004629  B053 Library Block BAGR HON 2012 B053 Or.1
2015-09-282015-09-28Library Block B 2015-09-28 AGRRUA005604  B053 Library Block BAGR HON 2012 B053 Or.2
មជ្ឈមណ្ឌលឯការនៃសាកលវិទ្យាល័យភូមិន្ទកសិកម្មចំការដូង

Powered by Koha